Score 0/33 Timer 04:00
0 Plays Today
Range Country % Correct
NativeUnited States
99.6%
NativeCanada
97.4%
NativeMexico
94.4%
IntroducedGermany
84.1%
IntroducedFrance
83.2%
NativeGuadeloupe (France)
83.2%
IntroducedRussia
82.3%
NativePanama
76.7%
NativeCosta Rica
76.3%
NativeHonduras
75.9%
NativeGuatemala
75.4%
NativeNicaragua
74.6%
IntroducedItaly
73.7%
NativeBelize
72.8%
IntroducedPoland
72.8%
NativeEl Salvador
72.4%
IntroducedDenmark
69%
Range Country % Correct
IntroducedSwitzerland
67.7%
IntroducedBelgium
66.4%
IntroducedAustria
65.9%
IntroducedNetherlands
65.1%
IntroducedJapan
59.9%
IntroducedHungary
59.1%
IntroducedCzech Republic
58.6%
IntroducedLuxembourg
58.2%
IntroducedSlovakia
56.9%
IntroducedBelarus
50%
NativeThe Bahamas
43.5%
IntroducedSerbia
40.9%
IntroducedIran
28%
IntroducedGeorgia
26.3%
IntroducedArmenia
25.9%
IntroducedAzerbaijan
22.8%
Remove Ads.
Support Sporcle.
Get the best of Sporcle when you Go Orange. This ad-free experience offers more features, more stats, and more fun while also helping to support Sporcle. Thank you for becoming a member.

You're not logged in!

Compare scores with friends on all Sporcle quizzes.
OR
Log In

Show Comments

Extras

Top Quizzes Today


Score Distribution

Your Account Isn't Verified!

In order to create a playlist on Sporcle, you need to verify the email address you used during registration. Go to your Sporcle Settings to finish the process.

Report this User

Report this user for behavior that violates our Community Guidelines.

Details: